000 00541nam a2200157 a 4500
008 090303s2006 ||||||||||||||||| || u
020 _a0550102701
050 _aPE 1591 Cha
245 0 0 _aChambers giant paperback thesaurus
260 _aEdinburgh:
_bChambers
_c2006
300 _avii, 727p.
350 _a0.00
650 _aENGLISH--DICTIONARIES
650 _aENCLISH LANGUAGE--DICTIONARIES
995 _D0.00
_FCBU-MAIN LIBRARY (Kitwe)
_H1
_I0.00
_M1
_UREFERENCE
_WMar 3, 2009
_ZReference Collection
999 _c37052
_d37052